Score 0/107 Timer 08:00
1 Play Today
Common word % Correct
I
98.9%
a
97.9%
dream
95.6%
have
94.1%
the
88.1%
that
76.4%
on
71.1%
we
71%
to
70.3%
an
69.1%
be
67.1%
of
63.6%
day
62.5%
will
62.5%
one
61.5%
and
61.3%
in
61.1%
no
58.6%
black
57.1%
children
56.4%
go
55.5%
you
55.4%
is
54.9%
white
52.8%
my
51.7%
not
50.1%
can
50%
for
49.8%
are
47.1%
so
45.7%
it
45.2%
all
44.6%
when
42.7%
people
40.5%
their
40.2%
us
40.2%
Common word % Correct
our
40.1%
free
39.6%
this
39.5%
by
39%
but
38.7%
where
38.7%
at
36.2%
America
35.8%
men
34.2%
as
34.1%
who
33.4%
there
33.4%
from
33%
with
28.8%
up
28%
freedom
27.8%
together
26.5%
nation
25.8%
today
23.7%
has
23.6%
every
22.2%
some
21.7%
come
20.9%
down
20%
out
19.8%
time
19.7%
shall
19.6%
state
19.3%
negro
18.1%
here
18%
now
17.4%
let
17%
last
16.9%
American
15.8%
great
15.3%
justice
13.9%
Common word % Correct
walk
12.8%
must
12.8%
land
12.6%
into
12.4%
rights
12.3%
mountain
12.1%
years
11.4%
stand
11.3%
hope
10.8%
cannot
10.8%
which
10.7%
new
9.5%
ring
9.4%
rise
8.5%
long
7.6%
able
7.4%
words
7.2%
Georgia
6.8%
join
6.6%
back
6.5%
Mississippi
6.2%
still
5.9%
sing
5.4%
god's
5.4%
until
5.2%
made
4.9%
brotherhood
4.4%
injustice
4.1%
faith
4.1%
hundred
3.9%
later
3.7%
check
3.1%
valley
3%
note
2.2%
satisfied
1.7%
Remove Ads.
Support Sporcle.
Get the best of Sporcle when you Go Orange. This ad-free experience offers more features, more stats, and more fun while also helping to support Sporcle. Thank you for becoming a member.

You're not logged in!

Compare scores with friends on all Sporcle quizzes.
OR
Log In

Show Comments

Extras

Top Quizzes Today


Score Distribution

Your Account Isn't Verified!

In order to create a playlist on Sporcle, you need to verify the email address you used during registration. Go to your Sporcle Settings to finish the process.

Report this User

Report this user for behavior that violates our Community Guidelines.

Details: